000
00290nam a22001337a 4500
008
181205b xxu||||| |||| 00| 0 eng d
020
_a
9780205281350
041
_a
eng
080
_a
316
100
_a
50
101
_a
SOC
245
_a
A World Full Women
_c
Ward.M.C
942
_2
udc
_c
BK
999
_c
52897
_d
52897